000 00663nam a2200241Ia 4500
003 OSt
005 20220918210751.0
006 a|||||r|||| 00| 0
007 ta
008 220917b |||||||| |||| 00| 0 eng d
024 _a121,935
037 _cTextual
040 _aARTS
_cARTS
_beng
041 _2eng
_aeng
082 _aWv2.A, E9;L7
100 _aBasu Praphullachandra
_9119193
245 0 _aIndo Aryan polity
_b Rigvedic Period
260 _aDelhi
_bNag Publications India
_c1977
300 _a108p.
_ccm.
650 _aPOLITICAL SCIENCE
942 _hWv2.A, E9;L7
_cTEXL
_2CC
999 _c245134
_d245134